000 00792nam a22002533a 4500
005 20241012063905.0
008 011016s1996 mx fr 000 0 spa d
020 _a8478692371
035 _aUPN01000114134
049 _aCE
050 4 _aLB1065
_bY8.2
100 1 _aYuste Hernanz, Carlos
_929510
245 1 0 _aCompletar detalles :
_bestimulando el desarrollo inteléctual : atención y percepción : entre niños de 3 y 7 años /
_cCarlos Yuste Hernanz, Javier Aznar Serrano.
260 _aMadrid :
_bCEPE,
_c1996
300 _a36 laminas :
_bil. , col.
440 0 _aLibromovil ;
_v1
650 4 _aAtención
_98528
650 4 _aJuegos educativos
_93952
700 1 _aAznar Serrano, Javier,
_ecoaut.
901 _a176685
902 _aPN/npd
905 _aLibro
999 _c88042
_d88042